| 000 | 01016nam a22002297a 4500 | ||
|---|---|---|---|
| 999 |
_c6648 _d6648 |
||
| 003 | AR-CdUCM | ||
| 008 | 190318b ||||| |||| 00| 0 spa d | ||
| 020 | _a84-252-0291-4 | ||
| 040 |
_aMUNICIPALIDAD PROVINCIAL DEL CUSCO _cBIBLIOTECA MUNICIPAL DEL CUSCO |
||
| 041 | _hger | ||
| 082 |
_a526 / _bJ82 |
||
| 100 |
_aJordan, W. _918700 |
||
| 245 | _aTratado general de topografía / | ||
| 260 |
_aEspaña : _bEditorial Gustavo Gili, |
||
| 300 |
_a2 Tomos ; _bCuadros, diagramas, formulas, _c27 cm. |
||
| 505 | _aContenido : t.1: La media aritmética y el error medio -- Primeras operaciones de agrimensura y su aplicación a levantamientos de poca importancia -- Reglas de calculo maquinas de calcular -- calculo de coordenadas -- calculo y división de superficies -- t.2: Altimetría -- Taquimetria -- fotogrametria -- Replanteo -- Nivelación Barométrica... | ||
| 650 |
_aTopografia _918701 |
||
| 650 |
_aNivelacion geometrica _918702 |
||
| 650 |
_aMediciones _917226 |
||
| 942 |
_2ddc _cLIBROS |
||
| 945 | _awnts | ||